| 000 | 00930nam a2200277Ia 4500 | ||
|---|---|---|---|
| 003 | GCL | ||
| 008 | 140319s9999 xx 000 0 ara d | ||
| 040 |
_aGCL / _cGCL |
||
| 082 | 0 | 4 |
_aق _b932.094 _bس ت |
| 100 | 1 | _aسيد احمد على الناصرى | |
| 245 | 1 | 0 |
_aتاريخ وحضارة مصر والشرق الادنى فى العصر الهللينستى / _cسيد احمد على الناصرى |
| 260 |
_a[S.N] : _bدار النهضة العربية ، _c1992 |
||
| 300 | _a376 ص | ||
| 490 | _a | ||
| 650 | 0 | 4 | _aمصر |
| 650 | 0 | 4 | _aتاريخ |
| 650 | 0 | 4 | _aالاحوال الاجتماعية |
| 650 | 0 | 4 | _aالاحوال السياسية |
| 650 | 0 | 4 | _aالشرق الاوسط |
| 650 | 0 | 4 | _aالتاريخ الحربى |
| 650 | 0 | 4 | _aالثقافة |
| 650 | 0 | 4 | _aالعصر اليونانى |
| 650 | 0 | 4 | _aطرق التجارة |
| 650 | 0 | 4 | _aحضارة العراق القديمة |
| 942 |
_2ddc _cBK |
||
| 999 |
_c31156 _d31156 |
||